| 000 | 00725nam a2200241Ia 4500 | ||
|---|---|---|---|
| 003 | OSt | ||
| 005 | 20220928103051.0 | ||
| 006 | a|||||r|||| 00| 0 | ||
| 007 | ta | ||
| 008 | 220927b |||||||| |||| 00| 0 eng d | ||
| 024 | _a65991 | ||
| 037 | _cTextual | ||
| 040 |
_aSDCL _cSDCL _beng |
||
| 041 |
_2eng _aeng |
||
| 082 | _aX81:5171:(Z2), P4 | ||
| 100 |
_aShah M B _9393074 |
||
| 245 | 0 |
_aLandmark judgments on insurance _bUnder the consumer protection act (October 2003 to July 2004) |
|
| 260 |
_aDelhi _bUniversal Law Publishing _c2004 |
||
| 300 |
_a196 P _ccm. |
||
| 650 |
_aConsumer Protection Insurance _9402017 |
||
| 942 |
_hX81:5171:(Z2), P4 _cTEXL _2CC |
||
| 999 |
_c717859 _d717859 |
||